| 000 | 00555nam a2200205Ia 4500 | ||
|---|---|---|---|
| 005 | 20250425161659.0 | ||
| 008 | 250425s9999 xx 000 0 und d | ||
| 041 | _aeng | ||
| 082 | _a536.71 | ||
| 100 | _aKEENAN, JOSEPH H. | ||
| 245 | 0 | _aTHERMODYNAMICS | |
| 250 | _aS.E. | ||
| 260 |
_aEstados Unidos _bJOHN WILEY & SONS _c1950 |
||
| 260 | _aNEW YORK | ||
| 300 | _a499 | ||
| 500 | _aEL NUMERO DE CLASIFICACION QUE TIENEN TODOS LOS EJEMPLARES DEL CIB ES: 536.71 Y SON DEL AÑO 1941. | ||
| 650 | _aTERMODINAMICA | ||
| 942 | _c01 | ||
| 010 | _a25731 | ||
| 999 |
_c213960 _d213960 |
||